Flags of South East Asia - Statistics

General Stats
  • This quiz has been taken 69 times
  • The average score is 11 of 11
Answer Stats
Picture Answer % Correct
Cambodia
100%
Thailand
100%
Malaysia
98%
Philippines
98%
Singapore
98%
Vietnam
98%
Indonesia
97%
Myanmar
97%
Brunei
95%
Laos
95%
East Timor
90%
No matching quizzes found
Score Distribution
Percent of People with Each Score
Percentile by Number Answered
Your Score History
You have not taken this quiz